Central Library OPAC University of Rajshahi

Economic survey of East Pakistan, 1964/65 / (Record no. 15454)

MARC details
000 -LEADER
fixed length control field 00833nam a2200229 a 4500
001 - CONTROL NUMBER
control field 15454
003 - CONTROL NUMBER IDENTIFIER
rucl marc code BD-RjUL
005 - DATE AND TIME OF LATEST TRANSACTION
control field 20211208235823.0
008 - FIXED-LENGTH DATA ELEMENTS--GENERAL INFORMATION
fixed length control field 180729s1965 pk ar f0 0eng
020 ## - INTERNATIONAL STANDARD BOOK NUMBER
Terms of availability : PRs. 3.00
035 ## - SYSTEM CONTROL NUMBER
System control number (BD-RjUL)15508
040 ## - CATALOGING SOURCE
Original cataloging agency DLC
Transcribing agency EEM
Modifying agency MYG
-- BD-RjUL
Language of cataloging eng
041 ## - LANGUAGE CODE
Language code of text/sound track or separate title eng
082 ## - DEWEY DECIMAL CLASSIFICATION NUMBER
Edition number 23
Classification number 330.9549021
Author mark and year EAE 1965
110 1# - MAIN ENTRY--CORPORATE NAME
Corporate name or jurisdiction name as entry element East Pakistan (Pakistan).
Subordinate unit Finance Department.
9 (RLIN) 221986
245 10 - TITLE STATEMENT
Title Economic survey of East Pakistan, 1964/65 /
Statement of responsibility, etc. East Pakistan (Pakistan).Finance Department.
260 ## - PUBLICATION, DISTRIBUTION, ETC. (IMPRINT)
Place of publication, distribution, etc. Dacca :
Name of publisher, distributor, etc. East Pakistan Govt. Press,
Date of publication, distribution, etc. 1965
300 ## - PHYSICAL DESCRIPTION
Pagination [4], ii, 87 p. :
Illustrations Ill. ;
Size 28 cm.
651 #0 - SUBJECT ADDED ENTRY--GEOGRAPHIC NAME
Geographic name East Pakistan (Pakistan)
General subdivision Economic Conditions
Form subdivision Statistics
Chronological subdivision 1964-65
9 (RLIN) 221982
Geographic name East Pakistan (Bangladesh)
General subdivision Economic Conditions
Form subdivision Statistics
Chronological subdivision 1964-65
9 (RLIN) 221983
942 ## - ADDED ENTRY ELEMENTS (KOHA)
Source of classification or shelving scheme Dewey Decimal Classification
Koha item type Rare Books
Holdings
Lost status Source of classification or shelving scheme Damaged status Not for loan Collection code Permanent Location Current Location Shelving location Date acquired Total Checkouts Full call number Date last seen Copy number Koha item type
  Dewey Decimal Classification   Not For Loan Rare Books Central Library, University of Rajshahi Central Library, University of Rajshahi Rare Book Section 29/07/2018   RA 330.9549021 EAE 1965 29/07/2018 C-1 Rare Books